| 000 | 01108nac a22002531u 4500 | ||
|---|---|---|---|
| 010 | _a 2005048849 | ||
| 020 | _a1403948674 | ||
| 020 | _a1403948682 (hbk.) | ||
| 082 | 0 | 0 |
_a303.482 _bHOL |
| 090 |
_c6928 _d6928 |
||
| 100 | _aHolton, R. J. | ||
| 245 | 1 | 0 |
_aMaking globalization / _cRobert Holton. |
| 260 |
_aHoundmills, Basingstoke,Hampshire; _aNew York : _bPalgrave Macmillan,c.2005. _cc.2005. |
||
| 300 |
_aix, 213 p. ; _c23 cm. |
||
| 500 | _aDistributer: Al-Ahram. | ||
| 504 | _aIncludes bibliographical references (p. 194-207) and index. | ||
| 511 | _aCatalogued By: Mahitab. | ||
| 650 | 0 | _aGlobalization. | |
| 856 | 4 | 2 |
_3Contributor biographical information _uhttp://www.loc.gov/catdir/enhancements/fy0625/2005048849-b.html |
| 856 | 4 | 2 |
_3Publisher description _uhttp://www.loc.gov/catdir/enhancements/fy0625/2005048849-d.html |
| 856 | 4 | 2 |
_3Table of contents only _uhttp://www.loc.gov/catdir/enhancements/fy0625/2005048849-t.html |
| 942 |
_cBB _k303.482HOL |
||
| 999 |
_c6928 _d6928 |
||